000 01333nam2a22002291 4500
001 rc\942104
005 20250622103626.0
035 _a(NLR Aleph) 006243572
090 _a6688175
_c6688175
100 _a20041129d1982 |||y0rusy50 ca
101 0 _arus
102 _aRU
105 _ay |||||||||
200 0 _aЧ. 1
210 _d1982
_aБ. м.
215 _a60 с.
461 0 _1001rc\942103
_12001#$aИнструкция по организации системы централизованного обеспечения объектов строительства Главкиевгорстроя товарным бетоном и раствором$eВСН 4-81 / ГлавКиевгорстрой$e[Взамен ВСН 4-80$eСрок введ. в действие 01.01.81]$vЧ. 1
_96688168
_cКиев
_d1982
_nНИИСП
_oВСН 4-81 / ГлавКиевгорстрой : [Взамен ВСН 4-80 : Срок введ. в действие 01.01.81]
_tИнструкция по организации системы централизованного обеспечения объектов строительства Главкиевгорстроя товарным бетоном и раствором
_vЧ. 1
801 0 _aRU
_bNLR
_gpsbo
801 1 _aRU
_bELAR
_2rusmarc
852 _aNLR
_bПт
_j80/557
942 _cBOOK
980 _aNB